000 00850cab a2200241 4500
001 WB3020-25
008 090401t1994 xxu||||| |||| 00| 0 eng d
035 _a(Sirsi) u58363
041 _aeng
245 _aLegal entitlement
260 _c1994
350 _a0
490 _aTimes
_v24 May 1994, 36(1)
520 _aIn "Parkes v Legal Aid Board" CA 13 May 1994, it was held that the Board was entitled to a charge over property in respect of costs incurred by a common law spouse defending an original application brought under Law of Property Act 1925 S.30.
650 _aCURLING V THE LAW SOCIETY
650 _aHANLON V THE LAW SOCIETY
650 _aLAW OF PROPERTY ACT 1925 S30
650 _aLEGAL AID ACT 1988
650 _aLEGAL AID BOARD
690 _aLANDLORD AND TENANT-BUSINESS TENANCIES
942 _n0
948 _c04/03/1997
999 _c35619
_d35619